000 00485nam a2200157 i 4500
001 20265
003 ES-MaACL
005 20230906152251.0
007 t|
008 021108s1948 xxc |||| | fre d
100 1 _aAguilar, Andrés.
_918681
245 1 0 _aDe la possession dans le droit civil de la province de Québec
_b: thèse pour la maîtrise en droit civil /
_cAndrés Aguilar.
260 _aCanada :
_b[s.n.,
_c1948]
300 _a175 p. ;
_c27 cm.
852 _aES-MaACL
_jD-7104
999 _c20265
_d20265